00986cam a22002771 4500001001300000003000400013005001700017008004100034010001700075035001900092040004200111042001200153050002400165051002500189051005800214100002800272245006700300260005700367300003700424490007900461504003000540650002800570650004500598700004800643999001700691gs 48000075 DLC20260227111353.0770815s1948 caua 000 0 eng c ags 48000075  a(OCoLC)3188938 aU.S. Geol. Survey. LibrarycTxEUdDLC apremarc00aTN24.C2bA3 no. 136 aTN24.C2bM8cCopy 2. aTN24.C2bA3 Suppl. no. 136cSupplement. San Franciso.1 aMurdoch, Joseph,d1890-10aMinerals of California,cby Joseph Murdoch and Robert W. Webb. aSan Francisco,bCalifornia State Print. Off.,c1948. a402 p.bcol. plates, mapc24 cm.0 aCalifornia. Dept. of Natural Resources. Division of Mines. Bulletin 136 aBibliography: p. 321-402. 0aMineralogyzCalifornia. 0aMines and mineral resourceszCalifornia.1 aWebb, Robert Wallace,d1909-ejoint author. c28262d28262